[Event "DVM U14 2014"]
[Site "Regensburg GER"]
[Date "2014.12.28"]
[Round "4"]
[White "Roseneck, Jonas"]
[Black "Balazs, Balint"]
[Result "1/2-1/2"]
[Termination "normal"]
[Board "3.2"]
[WhiteElo "1850"]
[BlackElo "1851"]
[WhiteTeam "SG Aufbau Elbe Magdeburg"]
[BlackTeam "Hagener SV"]
[PlyCount "152"]
[WhiteFideId "12939870"]
[BlackFideId "12922757"]
[EventCountry "GER"]
[EventRounds "7"]
[EventType "team-swiss"]
[EventDate "2014.12.26"]

1. e4 {[%emt 0:00:00]} d5 2. exd5 Qxd5 3. Nc3 Qa5 4. d4 Nf6 5. Nf3 Bg4 6. h3
Bxf3 7. Qxf3 c6 8. Bc4 e6 9. O-O Bd6 10. Bb3 Nbd7 11. Bd2 Qc7 12. Rfe1 O-O 13.
Rad1 Rfd8 14. Bg5 h6 15. Bc1 Rac8 16. a3 Be7 17. Bc4 Nb6 18. Bd3 Nbd5 19. Ne2
c5 20. c3 cxd4 21. Nxd4 a6 22. Bc2 Rd7 23. Ne2 Rcd8 24. Nf4 Bd6 25. Nxd5 Nxd5
26. Qe4 Nf6 27. Qf3 Be7 28. Rxd7 Rxd7 29. Rd1 Rxd1+ 30. Qxd1 Bc5 31. Qf3 Nd5
32. Qe4 Qg3 33. Qf3 Qe5 34. Kf1 Qh2 35. Bd2 Qh1+ 36. Ke2 Qa1 37. b4 Be7 38. c4
Qb2 39. Qd3 Nf6 40. Qc3 Qa2 41. Qd3 Qa1 42. Qc3 Qa2 43. Bc1 Nd7 44. Qb3 Qxb3
45. Bxb3 Kf8 46. Bc2 Ke8 47. Be3 Kd8 48. Be4 Kc8 49. g4 Ne5 50. c5 Nc4 51. Bc1
a5 52. f4 axb4 53. axb4 Bf6 54. Kd3 Nb2+ 55. Kc2 Na4 56. Bd2 Kc7 57. Kb3 b5 58.
cxb6+ Nxb6 59. b5 Bd4 60. Kb4 Kd6 61. Bc1 Bc5+ 62. Ka5 Kc7 63. Ka6 Bd4 64. Bd2
Bc5 65. Bc3 f6 66. Bd2 Nc4 67. Bc3 Nb6 68. Ba5 Be3 69. Bb4 Nc4 70. Bf8 Bxf4 71.
Bxg7 Bg5 72. Bf8 Be3 73. Be7 Bd4 74. Bf8 Be3 75. Bg7 Bg5 76. Bf8 Be3 1/2-1/2

[Event "DVM U14 2014"]
[Site "Regensburg GER"]
[Date "2014.12.28"]
[Round "4"]
[White "Hoppe, Andreas"]
[Black "Lellek, Lewin Louis"]
[Result "1-0"]
[Termination "normal"]
[Board "3.3"]
[WhiteElo "1758"]
[BlackElo "1541"]
[WhiteTeam "Hagener SV"]
[BlackTeam "SG Aufbau Elbe Magdeburg"]
[PlyCount "81"]
[WhiteFideId "12922811"]
[BlackFideId "12971820"]
[EventCountry "GER"]
[EventRounds "7"]
[EventType "team-swiss"]
[EventDate "2014.12.26"]

1. e4 {[%emt 0:00:00]} e5 2. Bc4 Nf6 3. d3 Nc6 4. Nf3 Be7 5. c3 d6 6. O-O Bg4
7. Nbd2 O-O 8. Re1 h6 9. Nf1 Qd7 10. Bb3 Rad8 11. h3 Be6 12. Ng3 Rfe8 13. Be3
a6 14. Qc2 Na5 15. Bxe6 fxe6 16. Rad1 Nc6 17. Re2 Bf8 18. Qb3 b6 19. d4 exd4
20. Nxd4 Kh8 21. Red2 Na5 22. Qc2 Nc4 23. Rd3 Nxe3 24. Rxe3 c5 25. Nde2 e5 26.
c4 Qc6 27. Nc3 Rd7 28. Nd5 Be7 29. Nf5 Nxd5 30. Rxd5 Kg8 31. Red3 Red8 32. Rg3
Bf6 33. Nxh6+ Kf8 34. Nf5 Kf7 35. Qd1 Ke6 36. Qg4 Kf7 37. Nxg7 Bxg7 38. Qxg7+
Ke8 39. Qh8+ Ke7 40. Rg7+ Kf6 41. Qh6# 1-0

[Event "DVM U14 2014"]
[Site "Regensburg GER"]
[Date "2014.12.28"]
[Round "4"]
[White "Kirsten, Annika"]
[Black "Buchloh, Falk"]
[Result "0-1"]
[Termination "normal"]
[Board "3.4"]
[WhiteElo "1428"]
[BlackElo "1558"]
[WhiteTeam "SG Aufbau Elbe Magdeburg"]
[BlackTeam "Hagener SV"]
[PlyCount "62"]
[WhiteFideId "12961124"]
[BlackFideId "12960691"]
[EventCountry "GER"]
[EventRounds "7"]
[EventType "team-swiss"]
[EventDate "2014.12.26"]

1. e4 d5 2. exd5 Qxd5 3. Nc3 Qa5 4. d4 Nf6 5. Nf3 Bg4 6. Be2 Nc6 7. O-O e6 8.
Bf4 O-O-O 9. Be5 Bxf3 10. Bxf6 Bxe2 11. Nxe2 gxf6 12. c3 Bd6 13. Ng3 Rdg8 14.
Qf3 Rg6 15. b4 Qg5 16. Ne4 Qd5 17. Nd2 Ne7 18. a4 h5 19. a5 Rhg8 20. g3 h4 21.
Qxd5 Nxd5 22. Ra3 hxg3 23. fxg3 f5 24. Rf3 f4 25. Ne4 fxg3 26. Nxd6+ cxd6 27.
c4 gxh2+ 28. Kxh2 Rh6+ 29. Rh3 Rxh3+ 30. Rxh3 Nxb4 31. Rh7 Rf8 0-1

[Event "DVM U14 2014"]
[Site "Regensburg GER"]
[Date "2014.12.28"]
[Round "4"]
[White "Roos, Jonas"]
[Black "Färber, David"]
[Result "1/2-1/2"]
[Termination "normal"]
[Board "4.1"]
[WhiteElo "1736"]
[BlackElo "1770"]
[WhiteTeam "SC Porta Westfalica"]
[BlackTeam "SV 1947 Walldorf"]
[PlyCount "161"]
[WhiteFideId "16200721"]
[BlackFideId "12971294"]
[EventCountry "GER"]
[EventRounds "7"]
[EventType "team-swiss"]
[EventDate "2014.12.26"]

1. e4 {[%emt 0:00:00]} c6 2. Nc3 d5 3. Nf3 dxe4 4. Nxe4 Bg4 5. h3 Bxf3 6. Qxf3
Nd7 7. Ng3 Ngf6 8. d4 e6 9. Bd3 Be7 10. O-O O-O 11. Re1 Qa5 12. c3 Qb6 13. Nf5
Rfe8 14. Nxe7+ Rxe7 15. Bf4 Ree8 16. Qg3 Qa5 17. Be5 Qd8 18. Re3 Rc8 19. Qh4
Nf8 20. Rg3 Ng6 21. Qg5 Nd7 22. Qh5 Ndxe5 23. dxe5 Qe7 24. Qg4 Rcd8 25. Re1 Rd5
26. Re4 Red8 27. Be2 Qc5 28. b4 Qf8 29. Qg5 Qe7 30. Qe3 c5 31. a3 Qc7 32. Bc4
Rxe5 33. Rxe5 Qxe5 34. Qxc5 Qxc5 35. bxc5 Rc8 36. Rg5 b6 37. Rg3 Rxc5 38. Ba2
Kf8 39. Kf1 Ke7 40. Ke2 Nf4+ 41. Kd2 g6 42. Rg4 Nd5 43. Rg3 Ra5 44. c4 Nf6 45.
Bb1 Re5 46. Rc3 Ne4+ 47. Bxe4 Rxe4 48. c5 bxc5 49. Rxc5 Ra4 50. Rc3 Kd7 51. g3
h5 52. Kc2 Ra6 53. Kb3 Rc6 54. Rf3 f5 55. Rf4 g5 56. Ra4 a6 57. Ra5 Kd6 58. g4
hxg4 59. hxg4 fxg4 60. Rxg5 Rc5 61. Rxg4 Rf5 62. Rg2 Kc6 63. Kb4 Kb6 64. Rh2
Rf4+ 65. Kb3 Rf3+ 66. Kb2 e5 67. Rh7 Kb5 68. Rh2 e4 69. Rg2 Ka4 70. Rh2 Rb3+
71. Kc2 Kxa3 72. Rh5 Rf3 73. Ra5+ Kb4 74. Rxa6 Rxf2+ 75. Kd1 Kc3 76. Ra3+ Kd4
77. Ke1 Rb2 78. Kd1 Rh2 79. Ke1 e3 80. Ra8 Kd3 81. Rd8+ 1/2-1/2

[Event "DVM U14 2014"]
[Site "Regensburg GER"]
[Date "2014.12.28"]
[Round "4"]
[White "Hartmann, Cora"]
[Black "Gomolinsky, Phil"]
[Result "0-1"]
[Termination "normal"]
[Board "4.2"]
[WhiteElo "1484"]
[BlackElo "1527"]
[WhiteTeam "SV 1947 Walldorf"]
[BlackTeam "SC Porta Westfalica"]
[PlyCount "118"]
[WhiteFideId "16200764"]
[BlackFideId "16200730"]
[EventCountry "GER"]
[EventRounds "7"]
[EventType "team-swiss"]
[EventDate "2014.12.26"]

1. e4 c5 2. Nf3 Nc6 3. d3 g6 4. g3 Bg7 5. Bg2 d6 6. O-O e5 7. Nc3 Nge7 8. Re1
O-O 9. Be3 Nd4 10. Ne2 Nec6 11. Nexd4 Nxd4 12. Nxd4 cxd4 13. Bd2 Be6 14. Bb4
Bh6 15. Bd2 Bxd2 16. Qxd2 Qb6 17. c3 Rac8 18. c4 Rc7 19. b3 Kg7 20. f4 f6 21.
Rf1 f5 22. Bh3 Rcf7 23. Rf2 fxe4 24. Bxe6 e3 25. Bxf7 exd2 26. Bd5 exf4 27.
gxf4 Qa6 28. Kg2 b6 29. Kg3 Qc8 30. Be4 h5 31. h3 h4+ 32. Kh2 d5 33. Bxd5 g5
34. Rg1 Kh8 35. Rxd2 Qc7 36. Rdg2 Rxf4 37. Kh1 Qd7 38. Kh2 Qd6 39. Kh1 Rf5 40.
Be4 Re5 41. Rxg5 Rxg5 42. Rxg5 Qb4 43. Kh2 Qd2+ 44. Rg2 Qf4+ 45. Kh1 Qf1+ 46.
Kh2 a5 47. Rg4 Qf2+ 48. Rg2 Qf4+ 49. Kh1 Qf8 50. Rg4 Qa3 51. Rxh4+ Kg7 52. Rg4+
Kh6 53. Rg2 Kh5 54. Kh2 Qd6+ 55. Kg1 Kh4 56. Bf5 Qe5 57. Rg4+ Kxh3 58. Rf4+ Kg3
59. Rf1 Qe2 0-1

[Event "DVM U14 2014"]
[Site "Regensburg GER"]
[Date "2014.12.28"]
[Round "4"]
[White "Liebelt, Jonas"]
[Black "Baureis, Julian"]
[Result "0-1"]
[Termination "normal"]
[Board "4.3"]
[WhiteElo "1326"]
[BlackElo "1358"]
[WhiteTeam "SC Porta Westfalica"]
[BlackTeam "SV 1947 Walldorf"]
[PlyCount "110"]
[WhiteFideId "16200748"]
[BlackFideId "12991112"]
[EventCountry "GER"]
[EventRounds "7"]
[EventType "team-swiss"]
[EventDate "2014.12.26"]

1. e4 c5 2. c3 d5 3. exd5 Qxd5 4. d4 cxd4 5. cxd4 Nc6 6. Nf3 Bg4 7. Nc3 Qd7 8.
d5 Bxf3 9. gxf3 Rd8 10. dxc6 Qxd1+ 11. Nxd1 bxc6 12. Bg2 Nf6 13. f4 Nd5 14. O-O
e6 15. a3 Bd6 16. f5 O-O 17. Ne3 Bc5 18. b4 Bb6 19. Kh1 Bd4 20. Rb1 Rfe8 21.
Bd2 Bxe3 22. Bxe3 Nxe3 23. fxe3 exf5 24. Rfe1 Rd6 25. Rbc1 Rc8 26. Red1 Re6 27.
Bxc6 Rxe3 28. a4 g6 29. Kg2 Rb3 30. b5 Ra3 31. Ra1 Re3 32. Re1 Rd3 33. Re8+
Rxe8 34. Bxe8 g5 35. Rb1 Ra3 36. b6 axb6 37. Rxb6 Kf8 38. Bb5 f4 39. Rd6 g4 40.
Rd3 Ra2+ 41. Kf1 f3 42. Rd5 Rxh2 43. Kg1 Rg2+ 44. Kh1 g3 45. Rd3 Rh2+ 46. Kg1
f2+ 47. Kf1 Rh1+ 48. Ke2 f1=Q+ 49. Ke3 Qf2+ 50. Ke4 Rh4+ 51. Kd5 g2 52. Kc6
g1=Q 53. Rd8+ Kg7 54. Rd5 Qb6+ 55. Kd7 Qg4+ 0-1

[Event "DVM U14 2014"]
[Site "Regensburg GER"]
[Date "2014.12.28"]
[Round "4"]
[White "Brede, Robert"]
[Black "Götz, Michael"]
[Result "1-0"]
[Termination "normal"]
[Board "4.4"]
[WhiteElo "1294"]
[BlackElo "1314"]
[WhiteTeam "SV 1947 Walldorf"]
[BlackTeam "SC Porta Westfalica"]
[PlyCount "71"]
[WhiteFideId "12971405"]
[BlackFideId "16200756"]
[EventCountry "GER"]
[EventRounds "7"]
[EventType "team-swiss"]
[EventDate "2014.12.26"]

1. c4 c5 2. Nc3 Nc6 3. g3 g6 4. Bg2 Bg7 5. Nf3 e6 6. d3 Nge7 7. Be3 d6 8. O-O
O-O 9. Qc1 Re8 10. Bh6 Bh8 11. Ne4 d5 12. Nxc5 a5 13. cxd5 Qxd5 14. Ne4 a4 15.
Nfd2 Qd4 16. Rb1 b5 17. Be3 Qd7 18. Bg5 Qd4 19. Nf3 Qb6 20. Nf6+ Kf8 21. Bh6+
Bg7 22. Bxg7+ Kxg7 23. Nxe8+ Kf8 24. Nf6 Nf5 25. Ne5 Ra7 26. Qxc6 Qxc6 27. Bxc6
Nd4 28. e3 Nxc6 29. Nxc6 Ra6 30. Rbc1 Bb7 31. Nb4 Rd6 32. Rc7 Bf3 33. Nxh7+ Kg7
34. Ng5 Be2 35. Rfc1 Kf6 36. Ne4+ 1-0

[Event "DVM U14 2014"]
[Site "Regensburg GER"]
[Date "2014.12.28"]
[Round "4"]
[White "Hofmann, Rares"]
[Black "Schnabel, Bennett"]
[Result "1/2-1/2"]
[Termination "normal"]
[Board "5.1"]
[WhiteElo "2039"]
[BlackElo "1841"]
[WhiteTeam "TuS Coswig 1920"]
[BlackTeam "Treptower SV 1949"]
[PlyCount "81"]
[WhiteFideId "12976440"]
[BlackFideId "12943290"]
[EventCountry "GER"]
[EventRounds "7"]
[EventType "team-swiss"]
[EventDate "2014.12.26"]

1. e4 c5 2. Nf3 g6 3. d4 cxd4 4. Nxd4 Bg7 5. Nc3 Nc6 6. Be3 Nf6 7. Bc4 Qa5 8.
O-O O-O 9. Bb3 d6 10. h3 Bd7 11. Re1 Rac8 12. f4 a6 13. Nd5 Nxd5 14. exd5 Nxd4
15. Bxd4 Bxd4+ 16. Qxd4 Rfe8 17. Re2 Qc5 18. Qxc5 dxc5 19. c4 Kg7 20. Rae1 e6
21. dxe6 Bxe6 22. Kf2 Red8 23. Kf3 Rd4 24. Re4 Rcd8 25. Rxd4 Rxd4 26. Re4 Rd2
27. Re2 Rd4 28. Re4 Rd2 29. Re2 Rd6 30. Re5 b6 31. Re3 h5 32. Re2 Kf6 33. Ke3
Rd4 34. Rd2 Rxd2 35. Kxd2 b5 36. cxb5 Bxb3 37. axb3 axb5 38. Kd3 Ke6 39. g3 Kd5
40. h4 f5 41. b4 1/2-1/2

[Event "DVM U14 2014"]
[Site "Regensburg GER"]
[Date "2014.12.28"]
[Round "4"]
[White "Hesse, Henrik"]
[Black "Kunath, Tim"]
[Result "1/2-1/2"]
[Termination "normal"]
[Board "5.2"]
[WhiteElo "1704"]
[BlackElo "1699"]
[WhiteTeam "Treptower SV 1949"]
[BlackTeam "TuS Coswig 1920"]
[PlyCount "50"]
[WhiteFideId "12952060"]
[BlackFideId "12985074"]
[EventCountry "GER"]
[EventRounds "7"]
[EventType "team-swiss"]
[EventDate "2014.12.26"]

1. c4 e6 2. e3 Nf6 3. Nc3 b6 4. d4 Bb7 5. Nf3 Bb4 6. Bd2 O-O 7. Bd3 d6 8. a3
Bxc3 9. Bxc3 Nbd7 10. Qc2 c5 11. Ng5 h6 12. Ne4 Nxe4 13. Bxe4 Bxe4 14. Qxe4 e5
15. dxe5 Nxe5 16. Rd1 Re8 17. Qd5 Qh4 18. Bxe5 dxe5 19. O-O Rad8 20. Qb7 Qxc4
21. Qxa7 Qb3 22. Rd7 Rxd7 23. Qxd7 Re6 24. Qd2 e4 25. Rd1 Kh7 1/2-1/2

[Event "DVM U14 2014"]
[Site "Regensburg GER"]
[Date "2014.12.28"]
[Round "4"]
[White "Lehne, Arwin Hugo"]
[Black "Petersen, Marcel"]
[Result "1/2-1/2"]
[Termination "normal"]
[Board "5.3"]
[WhiteElo "1454"]
[BlackElo "1580"]
[WhiteTeam "TuS Coswig 1920"]
[BlackTeam "Treptower SV 1949"]
[PlyCount "154"]
[WhiteFideId "12985090"]
[BlackFideId "12935670"]
[EventCountry "GER"]
[EventRounds "7"]
[EventType "team-swiss"]
[EventDate "2014.12.26"]

1. d4 d5 2. Nf3 e6 3. Bf4 Bd6 4. Bg3 f5 5. e3 Nf6 6. Bd3 O-O 7. O-O Ne4 8. Bxe4
fxe4 9. Ne5 Nd7 10. Nxd7 Bxd7 11. Bxd6 cxd6 12. Nd2 Qg5 13. Qe2 a6 14. b3 b5
15. c4 dxc4 16. bxc4 bxc4 17. Nxe4 Qd5 18. Nc3 Qa5 19. Rfc1 d5 20. Qc2 Rab8 21.
Rab1 Bb5 22. h3 Rfc8 23. Rb2 Be8 24. Qd2 Bg6 25. f3 Bd3 26. g4 Qa3 27. Rxb8
Rxb8 28. Qe1 Rb2 29. Qh4 Rb8 30. Qe1 Rb2 31. Qh4 h6 32. Qe1 Qd6 33. f4 Qa3 34.
Kh1 Rc2 35. Rxc2 Bxc2 36. Kg1 Be4 37. Qd2 Qb4 38. Qc1 a5 39. a4 Kf8 40. Kf2 Ke8
41. Kg3 g5 42. Kf2 Kd7 43. Kg3 Kc6 44. Kf2 Qb3 45. Kg3 Bc2 46. Qa1 Qb4 47. Kf2
Qe7 48. Kg3 Qf6 49. Qb2 Bb3 50. Qd2 Qg6 51. Kf2 h5 52. Qe2 h4 53. Qd2 Qf6 54.
Kf3 Qf8 55. Qb2 Kd7 56. Qc1 Ke8 57. Qb1 Qf7 58. Qc1 Qf6 59. Qd2 Kf7 60. Ke2 Kg6
61. Kf3 Qf7 62. Ke2 Qe8 63. fxg5 Bxa4 64. e4 Bc6 65. e5 Qf7 66. Nb1 Bb5 67.
Qxa5 Qb7 68. Nc3 Ba6 69. Qa1 Kxg5 70. Qc1+ Kg6 71. Qc2+ Kg7 72. Qc1 Qe7 73. Qf4
Bc8 74. g5 Qb7 75. Qf6+ Kg8 76. Kf2 Qc6 77. Qg6+ Kf8 1/2-1/2

[Event "DVM U14 2014"]
[Site "Regensburg GER"]
[Date "2014.12.28"]
[Round "4"]
[White "Stockter, Jasper Enno"]
[Black "von Koslowski, Wilhelm"]
[Result "0-1"]
[Termination "normal"]
[Board "5.4"]
[WhiteElo "1448"]
[BlackElo "1394"]
[WhiteTeam "Treptower SV 1949"]
[BlackTeam "TuS Coswig 1920"]
[PlyCount "86"]
[WhiteFideId "12957291"]
[BlackFideId "12985147"]
[EventCountry "GER"]
[EventRounds "7"]
[EventType "team-swiss"]
[EventDate "2014.12.26"]

1. e4 d5 2. exd5 Qxd5 3. Nc3 Qa5 4. d4 c6 5. Bc4 Nf6 6. Nf3 Bf5 7. Bd2 e6 8.
Qe2 Bb4 9. O-O-O Nbd7 10. a3 Bxc3 11. Bxc3 Qc7 12. Kb1 O-O-O 13. Nh4 Bg6 14.
Nxg6 hxg6 15. h3 Nb6 16. Ba5 Nfd5 17. Bxd5 Rxd5 18. Bb4 Rhd8 19. Qg4 Rf5 20.
Qg3 Qf4 21. Qxf4 Rxf4 22. Bc5 Rxf2 23. Bxb6 axb6 24. Rhf1 Rxf1 25. Rxf1 f6 26.
c3 c5 27. Rf4 Kc7 28. Kc2 Kc6 29. b4 cxd4 30. Rxd4 Rxd4 31. cxd4 Kd5 32. Kd3 b5
33. g3 e5 34. dxe5 fxe5 35. h4 e4+ 36. Ke3 Ke5 37. g4 g5 38. hxg5 g6 39. Ke2
Kf4 40. Kf2 e3+ 41. Ke2 Ke4 42. Ke1 Kf3 43. Kf1 e2+ 0-1

[Event "DVM U14 2014"]
[Site "Regensburg GER"]
[Date "2014.12.28"]
[Round "4"]
[White "Tong, Kevin"]
[Black "Browning, Alex"]
[Result "0-1"]
[Termination "normal"]
[Board "6.1"]
[WhiteElo "1857"]
[BlackElo "1753"]
[WhiteTeam "SC Erlangen"]
[BlackTeam "Märkischer Springer Halver-Schalksmühle"]
[PlyCount "49"]
[WhiteFideId "12913944"]
[BlackFideId "12984019"]
[EventCountry "GER"]
[EventRounds "7"]
[EventType "team-swiss"]
[EventDate "2014.12.26"]

1. e4 {[%emt 0:00:00]} c5 {[%emt 0:00:00]} 2. Nf3 d6 3. d4 cxd4 4. Nxd4 Nf6 5.
Nc3 a6 6. Bg5 e6 7. f4 Be7 8. Qf3 Qc7 9. O-O-O Nbd7 10. g4 b5 11. Bxf6 Nxf6 12.
g5 Nd7 13. Qh3 Nb6 14. Qg3 b4 15. Nce2 Bb7 16. Bg2 Rc8 17. Qd3 Nc4 18. h4 a5
19. Rhf1 a4 20. f5 e5 21. f6 exd4 22. fxe7 Ba6 23. Nxd4 Na3 24. Qxa6 Qxc2+ 25.
Nxc2 0-1

[Event "DVM U14 2014"]
[Site "Regensburg GER"]
[Date "2014.12.28"]
[Round "4"]
[White "Kölz, Niklas"]
[Black "Haas, Maximilian"]
[Result "1-0"]
[Termination "normal"]
[Board "6.2"]
[WhiteElo "1719"]
[BlackElo "1708"]
[WhiteTeam "Märkischer Springer Halver-Schalksmühle"]
[BlackTeam "SC Erlangen"]
[PlyCount "95"]
[WhiteFideId "12971758"]
[BlackFideId "12959219"]
[EventCountry "GER"]
[EventRounds "7"]
[EventType "team-swiss"]
[EventDate "2014.12.26"]

1. e4 {[%emt 0:00:00]} e6 2. d4 d5 3. Nc3 Nf6 4. e5 Nfd7 5. Be3 c5 6. Bb5 a6 7.
Bxd7+ Bxd7 8. Qg4 cxd4 9. Bxd4 Nc6 10. Nf3 Rc8 11. a3 h5 12. Qf4 Nxd4 13. Qxd4
Rc4 14. Qd2 Qa5 15. O-O Qb6 16. b3 Rg4 17. Rad1 Bxa3 18. h3 Rg6 19. Nh4 Rgh6
20. Kh1 Be7 21. Nf3 h4 22. Nh2 Bb4 23. Qd3 {(=)} Qc7 24. Ne2 Bb5 25. Qf3 Qxc2
26. Nd4 Qc3 27. Qf4 O-O 28. Rg1 Bc5 29. Nhf3 Bd3 30. Qe3 Qxb3 31. Rxd3 {(=)}
Qb6 32. Qf4 Be7 33. Rb3 Qa7 34. g3 hxg3 35. Rxg3 Rh7 36. Ng5 Bxg5 37. Rxg5 b5
38. Rbg3 Re8 39. Qf6 g6 40. Qf4 Qe7 41. Qg4 Rc8 42. Nxe6 fxe6 43. Rxg6+ Kf7 44.
Rf6+ Ke8 45. Rxe6 Rc1+ 46. Kg2 Kd8 47. Rxe7 Rxe7 48. Qg8+ 1-0

[Event "DVM U14 2014"]
[Site "Regensburg GER"]
[Date "2014.12.28"]
[Round "4"]
[White "Tschammer, Kai"]
[Black "Hardt, Silas"]
[Result "1-0"]
[Termination "normal"]
[Board "6.3"]
[WhiteElo "1637"]
[BlackElo "1477"]
[WhiteTeam "SC Erlangen"]
[BlackTeam "Märkischer Springer Halver-Schalksmühle"]
[PlyCount "69"]
[WhiteFideId "12939099"]
[BlackFideId "16200667"]
[EventCountry "GER"]
[EventRounds "7"]
[EventType "team-swiss"]
[EventDate "2014.12.26"]

1. e4 c5 2. Nc3 a6 3. f4 d6 4. Nf3 Nf6 5. Be2 e6 6. O-O Be7 7. d3 Nc6 8. Qe1
O-O 9. Qg3 e5 10. f5 g6 11. Nh4 Nh5 12. Bxh5 Bxh4 13. Qg4 Kh8 14. Nd5 gxh5 15.
Qxh5 Nb4 16. f6 Nxd5 17. Qxh4 Nf4 18. Bxf4 exf4 19. Rxf4 Rg8 20. Qh5 Be6 21.
Rh4 Rg7 22. fxg7+ Kxg7 23. Qh6+ Kg8 24. Rh5 f6 25. Qxh7+ Kf8 26. Rf1 Bxa2 27.
Qh8+ Kf7 28. Rh7+ Ke6 29. Qg7 Ke5 30. Rh5+ Ke6 31. Qg4+ Ke7 32. Rh7+ Bf7 33.
Qg6 Qb6 34. Qxf7+ Kd8 35. Rh8# 1-0

[Event "DVM U14 2014"]
[Site "Regensburg GER"]
[Date "2014.12.28"]
[Round "4"]
[White "Browning, Rebecca"]
[Black "Grüninger, Maxim"]
[Result "1-0"]
[Termination "normal"]
[Board "6.4"]
[WhiteElo "1471"]
[BlackElo "1604"]
[WhiteTeam "Märkischer Springer Halver-Schalksmühle"]
[BlackTeam "SC Erlangen"]
[PlyCount "83"]
[WhiteFideId "12984027"]
[BlackFideId "12942960"]
[EventCountry "GER"]
[EventRounds "7"]
[EventType "team-swiss"]
[EventDate "2014.12.26"]

1. d4 d5 2. Nf3 Nc6 3. Bf4 Nf6 4. e3 Bf5 5. Bd3 Bg6 6. Bxg6 hxg6 7. h3 e6 8.
Nbd2 Bd6 9. Ne5 Bxe5 10. dxe5 Nh7 11. Nf3 Qe7 12. Nd4 Na5 13. Qd3 Nc4 14. O-O
O-O-O 15. b3 Nb6 16. e4 dxe4 17. Qxe4 Ng5 18. Qe3 Nh7 19. Rad1 g5 20. Bh2 g4
21. hxg4 Nd5 22. Qe1 Nf8 23. c4 Nb6 24. Bg3 Ng6 25. a4 Rh7 26. a5 Rdh8 27. f3
Nd7 28. a6 b6 29. Qe4 Rh1+ 30. Kf2 Rxf1+ 31. Rxf1 Nc5 32. Qa8+ Kd7 33. Qxa7 Rc8
34. Rd1 Ke8 35. b4 Nd7 36. Nc6 Qg5 37. Qb7 Ne7 38. Nxe7 Rb8 39. Qxc7 Qxe7 40.
Rxd7 Qxd7 41. Qxb8+ Ke7 42. Qb7 1-0

[Event "DVM U14 2014"]
[Site "Regensburg GER"]
[Date "2014.12.28"]
[Round "4"]
[White "Kroschel, Anton"]
[Black "Herrmann, Luca"]
[Result "1/2-1/2"]
[Termination "normal"]
[Board "7.1"]
[WhiteElo "1658"]
[BlackElo "1554"]
[WhiteTeam "Lübecker SV"]
[BlackTeam "SC Tarrasch München"]
[PlyCount "69"]
[WhiteFideId "12969834"]
[BlackFideId "2811834"]
[EventCountry "GER"]
[EventRounds "7"]
[EventType "team-swiss"]
[EventDate "2014.12.26"]

1. Nf3 {[%emt 0:00:00]} Nf6 2. c4 e6 3. Nc3 d5 4. d4 c6 5. cxd5 cxd5 6. Bf4 Bd6
7. Bxd6 Qxd6 8. e3 a6 9. Bd3 Nc6 10. a3 O-O 11. O-O b5 12. b4 Bb7 13. Rc1 Rac8
14. Qb3 Rfd8 15. Qb1 h6 16. Qb2 e5 17. Bf5 Rc7 18. Ne2 e4 19. Ne5 Re8 20. Nxc6
Bxc6 21. Rc5 Bd7 22. Bxd7 Nxd7 23. Rxc7 Qxc7 24. Rc1 Qd6 25. Qc3 Nb6 26. Qc6
Re6 27. Qxd6 Rxd6 28. Nf4 g5 29. Ne2 Nc4 30. Rc3 f5 31. h3 Kf7 32. Kh2 Kf6 33.
Ng3 Rd8 34. Ne2 Ra8 35. Rb3 1/2-1/2

[Event "DVM U14 2014"]
[Site "Regensburg GER"]
[Date "2014.12.28"]
[Round "4"]
[White "Klenk, Sofie"]
[Black "Bosselmann, Tom Linus"]
[Result "1/2-1/2"]
[Termination "normal"]
[Board "7.2"]
[WhiteElo "1817"]
[BlackElo "1623"]
[WhiteTeam "SC Tarrasch München"]
[BlackTeam "Lübecker SV"]
[PlyCount "80"]
[WhiteFideId "12996653"]
[BlackFideId "12983845"]
[EventCountry "GER"]
[EventRounds "7"]
[EventType "team-swiss"]
[EventDate "2014.12.26"]

1. e4 c5 2. c3 d5 3. exd5 Qxd5 4. d4 Nf6 5. Nf3 Bg4 6. dxc5 Qxc5 7. Be3 Qd5 8.
Be2 Qxd1+ 9. Bxd1 Nc6 10. O-O e6 11. Nbd2 Nd5 12. Bd4 h5 13. Ba4 f6 14. Rfe1
Kf7 15. Bc2 g5 16. Nxg5+ Ke7 17. Bc5+ Kd7 18. Nge4 Bg7 19. Nf1 Rag8 20. Ne3
Nxe3 {(=)} 21. Bxe3 b6 22. f3 Bf5 23. Rad1+ Ke7 24. Re2 Bh6 25. Bxh6 Rxh6 26.
Kf1 Rhh8 {(=)} 27. Ng3 Bxc2 28. Rxc2 h4 29. Ne2 e5 30. Rcd2 Rd8 31. Kf2 Rxd2
32. Rxd2 Ke6 33. f4 Rh5 34. g4 hxg3+ 35. hxg3 e4 36. g4 Rh3 37. Kg2 Rd3 38. Rc2
e3 39. Kf3 Rd2 40. Rc1 Rxb2 1/2-1/2

[Event "DVM U14 2014"]
[Site "Regensburg GER"]
[Date "2014.12.28"]
[Round "4"]
[White "Pommerenke, Kayonzo"]
[Black "Joebges, Nico"]
[Result "1/2-1/2"]
[Termination "normal"]
[Board "7.3"]
[WhiteElo "1562"]
[BlackElo "1573"]
[WhiteTeam "Lübecker SV"]
[BlackTeam "SC Tarrasch München"]
[PlyCount "60"]
[WhiteFideId "12968129"]
[BlackFideId "12992291"]
[EventCountry "GER"]
[EventRounds "7"]
[EventType "team-swiss"]
[EventDate "2014.12.26"]

1. e4 c6 2. d4 d5 3. exd5 cxd5 4. Bd3 Nc6 5. Nf3 Nf6 6. O-O Bg4 7. c3 e6 8. h3
Bh5 9. Bf4 Bd6 10. Bxd6 Qxd6 11. Nbd2 O-O 12. Re1 Rac8 13. Qb3 Bg6 14. Bxg6
hxg6 15. Ne5 Nd7 16. Ndf3 Ncxe5 17. Nxe5 Nxe5 18. Rxe5 Rc7 19. Rae1 Qc6 20. h4
Rfc8 21. h5 gxh5 22. Rxh5 g6 23. Rh4 Kg7 24. Re3 Rh8 25. Reh3 Rxh4 26. Rxh4 Rc8
27. Qd1 Rh8 28. Rxh8 Kxh8 29. Qf3 Kg7 30. Qd1 Qb5 1/2-1/2

[Event "DVM U14 2014"]
[Site "Regensburg GER"]
[Date "2014.12.28"]
[Round "4"]
[White "Joebges, Julia"]
[Black "Watzlawik, Lee-David"]
[Result "1/2-1/2"]
[Termination "normal"]
[Board "7.4"]
[WhiteElo "1582"]
[BlackElo "1370"]
[WhiteTeam "SC Tarrasch München"]
[BlackTeam "Lübecker SV"]
[PlyCount "98"]
[WhiteFideId "12983446"]
[BlackFideId "1270474"]
[EventCountry "GER"]
[EventRounds "7"]
[EventType "team-swiss"]
[EventDate "2014.12.26"]

1. e4 e5 2. Nf3 f5 3. d3 Nc6 4. Nc3 Nf6 5. Be2 Bb4 6. exf5 d5 7. O-O Bxf5 8.
Bg5 O-O 9. a3 Bc5 10. Nh4 Be6 11. Kh1 h6 12. Bd2 Nd7 13. Nf3 Nd4 14. Re1 Nxf3
15. Bxf3 Bxf2 16. Rf1 Bd4 17. Bxd5 Bxd5 18. Nxd5 Bxb2 19. Ra2 Bd4 20. Ne3 Rxf1+
21. Qxf1 Qf8 22. Qb1 Nb6 23. c3 Bc5 24. a4 a5 25. Qd1 Qf7 26. Ra1 Rd8 27. Qg4
Rf8 28. d4 Bd6 29. dxe5 Bxe5 30. Qe4 Qf4 31. Qxf4 Bxf4 32. g3 Bg5 33. Kg2 Rd8
34. Ra2 Nxa4 35. Bc1 Nxc3 36. Rxa5 Ne2 37. h4 Nxc1 38. hxg5 hxg5 39. Rxg5 Nd3
40. Nf5 Rd7 41. Ne3 c5 42. Nd5 Rd6 43. Ne7+ Kf7 44. Rxg7+ Kxg7 45. Nf5+ Kg6 46.
Nxd6 b6 47. Kf3 Kf6 48. Ke4 Nb4 49. Nc4 b5 1/2-1/2

[Event "DVM U14 2014"]
[Site "Regensburg GER"]
[Date "2014.12.28"]
[Round "4"]
[White "Wendler, David"]
[Black "Fuhrmann, Michel"]
[Result "1-0"]
[Termination "normal"]
[Board "8.1"]
[WhiteElo "1776"]
[BlackElo "1583"]
[WhiteTeam "SK Bebenhausen"]
[BlackTeam "Frankfurter TV 1860"]
[PlyCount "41"]
[WhiteFideId "12938360"]
[BlackFideId "12963887"]
[EventCountry "GER"]
[EventRounds "7"]
[EventType "team-swiss"]
[EventDate "2014.12.26"]

1. e4 c5 2. d4 cxd4 3. c3 Nc6 4. cxd4 d5 5. exd5 Qxd5 6. Nf3 Bg4 7. Be2 Bxf3 8.
Bxf3 Qd6 9. d5 Ne5 10. O-O Nxf3+ 11. Qxf3 Nf6 12. Nc3 g6 13. Bf4 Qd7 14. d6 Nh5
15. dxe7 Bxe7 16. Bh6 Qc6 17. Qe3 Qb6 18. Rfe1 Qxe3 19. Rxe3 Nf6 20. Rae1 Ng8
21. Bg7 1-0